| 000 | 00396cam a22001217a 4500 | ||
|---|---|---|---|
| 008 | 180718b1976 xxu||||| |||| 00| 0 eng d | ||
| 082 | _aA99 P272 N213 | ||
| 245 | _aVithalbhai Patel, patriot and president | ||
| 260 |
_aDelhi _bNational Forum of Lawers and Legal Aid _c1976 |
||
| 300 | _a464p. | ||
| 650 | _aPatel, Vithalbhai 1873-1933 | ||
| 700 | _aNational Forum of Lawyers and Legal Aid, New Delhi | ||
| 999 |
_c350086 _d350086 |
||